Iowa State University - Residence Halls - Statistics

General Stats
  • This quiz has been taken 22 times
  • The average score is 14 of 23
Answer Stats
Dorms % Correct
Helser
95%
Larch
95%
Maple
95%
Willow
95%
Friley
89%
Buchanan
84%
Geoffroy
79%
Elm
74%
Oak
74%
Linden
68%
Eaton
58%
Roberts
58%
Barton
53%
Martin
53%
Welch
53%
Wilson
53%
Frederiksen Court
47%
Lyon
47%
Birch
42%
Freeman
37%
Wallace
37%
University Village
32%
Schilletter Village
26%
No matching quizzes found
Score Distribution
Percent of People with Each Score
Percentile by Number Answered
Your Score History
You have not taken this quiz